000
00315pab a2200133 454500
008
180718b1987 xxu||||| |||| 00| 0 eng d
245
_a
Special issue on health and population
260
_c
1987
300
_a
4-95
362
_a
Sept.
650
_a
Health Services - India
773
_a
Social Change
909
_a
9681
999
_c
9681
_d
9681